Úlohy univerzít v regionálnych inovačných systémoch

Analýza vedecko-výskumnej činnosti univerzít v kontexte regionálnych inovačných systémov. Odhad inovačnej aktivity univerzít a firiem v 294 regiónoch. Model regionálnych inovačných systémov. Typológia regionálnych inovačných systémov. Úlohy univerzít v regionálnych inovačných systémoch. Podpora spol...

Full description

Saved in:
Bibliographic Details
Main Author: Špurek, Miroslav, 1992-
Format: Book Chapter
Language:Slovak
Subjects:
Tags: Add Tag
No Tags, Be the first to tag this record!

MARC

LEADER 00000naa a2200000 4500
001 0286705
005 20240502074417.7
041 0 |a slo 
044 |a SK 
245 1 0 |a Úlohy univerzít v regionálnych inovačných systémoch  |c Miroslav Špurek 
520 |a Analýza vedecko-výskumnej činnosti univerzít v kontexte regionálnych inovačných systémov. Odhad inovačnej aktivity univerzít a firiem v 294 regiónoch. Model regionálnych inovačných systémov. Typológia regionálnych inovačných systémov. Úlohy univerzít v regionálnych inovačných systémoch. Podpora spolupráce medzi firmami a univerzitami. 
610 2 0 |a univerzity 
610 2 0 |a veda 
610 2 0 |a výskum 
610 2 0 |a inovácie technologické 
610 2 0 |a stratégia inovačná 
610 2 0 |a regióny 
100 1 |a Špurek, Miroslav, 1992-